000 01191nam2a2200301 4500
001 RU\NLR\BIBL_A\012456920
005 20250806201124.0
035 _a(NLR Aleph) 012456920
090 _a52963
_c52963
100 _a20250806 rusy50
101 0 _arus
102 _aRU
135 _acrcn 024anaba
200 0 _a1943, № 234 (2803) (16 нояб.)
210 _d1943
325 1 _aКопия доступна в электронной библиотеке РНБ
461 0 _1001RU\NLR\DIGIT\NP\000340
_12001#$aКоммунист$eорган ЦК и ЕК КП(б) Армении$v1943, № 234 (2803) (16 нояб.)
852 _aNLR
_jР8500
856 0 _uhttps://vivaldi.nlr.ru/ap000063889/view
856 1 _uhttps://vivaldi.nlr.ru/ap000063889/cover
856 2 _uhttps://vivaldi.nlr.ru/ap000063889/text
901 _eГазеты
942 _cISSNP
945 _aРоссийская национальная библиотека
980 _aNB
980 _aBV
981 2 7 _a(27) Периодические издания
_b(27) Газеты